বিশ ও একুশ শতকের বাংলা নাটক : (Record no. 2623)

MARC details
000 -LEADER
fixed length control field 01039nam a22002177a 4500
003 - CONTROL NUMBER IDENTIFIER
control field BD-DhJNU
005 - DATE AND TIME OF LATEST TRANSACTION
control field 20260218033044.0
008 - FIXED-LENGTH DATA ELEMENTS--GENERAL INFORMATION
fixed length control field 260218b |||||||| |||| 00| 0 eng d
020 ## - INTERNATIONAL STANDARD BOOK NUMBER
International Standard Book Number 9789385707247
040 ## - CATALOGING SOURCE
Original cataloging agency BD-DhJNU
Language of cataloging ENG
Transcribing agency BD-DhJNU
Modifying agency BD-DhJNU
082 ## - DEWEY DECIMAL CLASSIFICATION NUMBER
Edition number 23
Classification number 891.44209 BIS
242 ## - TRANSLATION OF TITLE BY CATALOGING AGENCY
Title Bengali drama of the 20th and 21st century :
Remainder of title another attempt /
Statement of responsibility, etc. edited by Shubhra Chatterjee
245 ## - TITLE STATEMENT
Title বিশ ও একুশ শতকের বাংলা নাটক :
Remainder of title অন্যতর প্রয়াস /
Statement of responsibility, etc. শুভ্রা চ্যাটার্জী কর্তৃক সম্পাদিত ।
246 ## - VARYING FORM OF TITLE
Title proper/short title Bish o ekush shtker bangla natok :
Remainder of title onztr pryas /
260 ## - PUBLICATION, DISTRIBUTION, ETC.
Place of publication, distribution, etc. কলকাতা :
Name of publisher, distributor, etc. শ্রী ভারতী প্রেস,
Date of publication, distribution, etc. 2018.
300 ## - PHYSICAL DESCRIPTION
Extent ৩৮৪পৃ. :
Other physical details চিত্র;
Dimensions ২২ সেমি.
650 ## - SUBJECT ADDED ENTRY--TOPICAL TERM
Topical term or geographic name entry element বাংলা নাটক
650 ## - SUBJECT ADDED ENTRY--TOPICAL TERM
Topical term or geographic name entry element Bengali drama
700 ## - ADDED ENTRY--PERSONAL NAME
Personal name শুভ্রা চ্যাটার্জী
Relator term সম্পাদক
942 ## - ADDED ENTRY ELEMENTS (KOHA)
Source of classification or shelving scheme Dewey Decimal Classification
Koha item type Books
Suppress in OPAC No
Holdings
Withdrawn status Lost status Source of classification or shelving scheme Damaged status Not for loan Collection Home library Current library Shelving location Date acquired Source of acquisition Total checkouts Full call number Barcode Date last seen Copy number Price effective from Koha item type
    Dewey Decimal Classification     Non-fiction Jagannath University Central Library Jagannath University Central Library General stacks 02/18/2026 Purchased   891.44209 BIS JNUCL36148 02/18/2026 1 02/18/2026 Books